| 000 | 00837nam a22002297a 4500 | ||
|---|---|---|---|
| 999 |
_c1125 _d1125 |
||
| 003 | AR-CdUCM | ||
| 008 | 190226b ||||| |||| 00| 0 spa d | ||
| 040 |
_aMUNICIPALIDAD PROVINCIAL DEL CUSCO _cBIBLIOTECA MUNICIPAL DEL CUSCO |
||
| 082 |
_a951 / _bA49 |
||
| 100 |
_aÁlvarez del Vayo, Julio _94423 |
||
| 245 |
_aReportaje en China : _bpresente y futuro de un gran pueblo / |
||
| 260 |
_aMéxico, D. F. : _bEdit. Grijalbo, _c1958. |
||
| 300 |
_a363 páginas ; _c22 cm. |
||
| 505 | _aPrimeros contactos -- La asamblea consultiva -- Visita al colegio de las nacionalidades -- Planificación -- Viaje por el interior. Chenqtú... | ||
| 650 |
_aAsia _93888 |
||
| 650 |
_aPeriodismo _91929 |
||
| 650 |
_aHistoria _9136 |
||
| 650 |
_aReportaje _94424 |
||
| 650 |
_aMao Tse-Tung _94425 |
||
| 942 |
_2ddc _cLIBROS |
||
| 945 |
_admma _d2019-02-26 |
||